000 00300nam a22001097a 4500
041 _aENG
245 _aWater Management For Sustainable Agricult -Problems And Perspectives For The 21st Century
260 _aNew Delhi
_bWater Technology
_c1998
300 _a516
650 _aIDE
856 _uIDE ( 18 )
999 _c1503
_d1503